[Event "Baden-ch U14"]
[Site "Karlsruhe Durlach"]
[Date "2012.01.03"]
[Round "4"]
[White "Kienzle, Jonas"]
[Black "Fesenmeier, Lukas"]
[Result "0-1"]
[WhiteElo "893"]
[BlackElo "1463"]
[PlyCount "40"]
[EventDate "2012.01.02"]
[EventType "swiss"]
[EventRounds "7"]
[EventCountry "GER"]
[SourceTitle "EXT 2015"]
[Source "ChessBase"]
[SourceDate "2014.11.20"]
[SourceVersion "1"]
[SourceVersionDate "2014.11.20"]
[SourceQuality "1"]

1. e4 e5 2. f4 d6 3. Nf3 exf4 4. d4 Nf6 5. Nc3 Bg4 6. Bxf4 Nbd7 7. e5 dxe5 8. dxe5 Nh5 9. Bg5 f6 10. exf6 Nhxf6 11. Nd5 c6 12. Nxf6+ Nxf6 13. Qe2+ Be7 14. Bxf6 gxf6 15. Qe4 Bxf3 16. gxf3 Qd6 17. a3 0-0-0 18. Bh3+ Kb8 19. Qe2 Qd4 20. Qxe7 Rde8 0-1